000 00508nam a2200169Ia 4500
008 230917s9999||||xx |||||||||||||| ||und||
020 _cRS1895
040 _e258690
_aMAIN
041 _aEnglish
082 _a294.594 O4L
100 _aOlivelle, Patrick
245 0 _aLaw code of Viṣṇu: A critical edition and annotated translation th Vaisnava-Dharmasastra
260 _aDelhi
_bPrimus Books
_c2018
300 _ax, 593 p.
500 _a3688 30/10/2019 HBD19/8002 19/11/2019 Main Budget
942 _cBK
999 _c33549
_d33549